000 00571cam a2200205 4500
008 090401t1986 xxu||||| |||| 00| 0 eng d
020 _a0946700222
035 _a(Sirsi) u34441
041 _aeng
050 _a711.1
100 _aWebster, Bernard
245 _aPlanning agreements
260 _aLondon
_bHenry Stewart Publications
_c1986
300 _a40p. ; 22cm.
350 _a0
490 _aHenry Stewart Briefings for Surveyors
_v8
520 _aPublished jointly with Portsmouth Polytechnic Department of Surveying .
942 _n0
948 _c04/03/1997
999 _c89947
_d89947